00284 2200109 4500245006300000100003100063650002800094005001900122041001400141084001000155336000900165 aKereta Api di PandeglangcBalai Arkeologi Jawa BarathText aBalai Arkeologi Jawa Barat aKereta Api ; Pandeglang a20250317085236 aIndonesia a625.1 atext